| 000 | 00431nam a22001697a 4500 | ||
|---|---|---|---|
| 003 | NUST - PNEC | ||
| 005 | 20170116181139.0 | ||
| 008 | 151007b xxu||||| |||| 00| 0 eng d | ||
| 040 | _cLIBRARY | ||
| 082 | _a629.13237 SCH | ||
| 100 |
_914537 _aSchlichting, Dr. Hermann |
||
| 245 |
_aBoundary-layer theory _cDr. Hermann Schlichting |
||
| 250 | _a- | ||
| 260 | _c1979 | ||
| 650 |
_914538 _aBoundery-Layer _xME |
||
| 942 |
_2ddc _cBK |
||
| 999 |
_c70414 _d70414 |
||